| 000 | 00508nam a2200181Ia 4500 | ||
|---|---|---|---|
| 005 | 20250923144241.0 | ||
| 008 | 008 250917s9999 xx 000 0 eng d | ||
| 037 | _aTextual | ||
| 040 |
_aDSWL _beng _cDSWL |
||
| 041 |
_aeng _2eng |
||
| 084 |
_aX:9:41:N4, H4 _qDSWL |
||
| 100 |
_aShih, Kou-Heng _9822852 |
||
| 245 | 0 |
_aChina enters the machine age _cby Kou-Heng Shih |
|
| 260 |
_aU.S.A _c1944 |
||
| 300 | _a206 p. | ||
| 942 |
_cTEXL _hX:9:41:N4, H4 |
||
| 999 |
_c1436605 _d1436605 |
||